Open Data Biblioteca Nacional de Portugal


República Portuguesa: Ministério da Cultura
Biblioteca Nacional de Portugal

Catálogo da BNP: acesso por Identificadores Unívocos
Registos Bibliográficos associados ao registo de autoridade

Etiqueta de registo: 00766ckm 2200181 450
001 1186167
003 http://id.bnportugal.gov.pt/bib/catbnp/1186167
100 ## $a20030923d2003 am y0pory0103 ba
101 0# $apor
102 ## $aPT
200 1# $aCiência viva no Verão - Agosto e Setembro 2003$bVisual gráfico]$eastronomia, biologia, geologia, faróis$fCiência Viva - Agência Nacional para a Cultura Científica e Tecnológica$gdesign Pedro Ruivo com base em imagens de Pedro Salgado
210 #9 $a[Lisboa]$cC.V.,$d2003
215 ## $a1 cartaz$ccolor.$d48x33 cm
675 ## $a766(=1:469)"200"(084.5)$vBN$zpor$3972418
675 ## $a061.22(469)Ciência Viva(084.5)$vBN$zpor$31143686
702 #1 $aSalgado,$bPedro,$f1960-$4600$3233431
702 #1 $aRuivo,$bPedro$4410$31153274
710 01 $aPortugal.$bCiência Viva - Agência Nacional para a Cultura Científica e Tecnológica$31143683
801 #0 $aPT$bBN$gRPC
966 ## $lBN$mICONOG$sCT. 5508 V.$x3
966 ## $lBN$mICONOG$sCT. 5563 V.$x3

Etiqueta de registo: 00000nkm 2200025 450
001 2266504
003 http://id.bnportugal.gov.pt/bib/catbnp/2266504
100 ## $a20260213d1990 m y0pory01030103ba
101 0# $apor
102 ## $aPT
200 1# $aConvento de Jesus 1490-1990, há 500 anos em Setúbal, feira de Santiago 1990$bVisual gráfico]$fCâmara Municipal de Setúbal $gdesign: Pedro Ruivo
210 #9 $aSetúbal$cCâmara Municipal de Setúbal,$d1990$eSetúbal :$gCorlito)
215 ## $a1 cartaz (desdobrável)$ccolor.$d42x59,5 cm
300 ## $aImpressor indicado no verso do cartaz
307 ## $aTexto impr. no verso
317 ## $aColeção Madeira Luís
675 ## $a766(=1:469)"199"(084.5)$vBN$zpor$31974866
702 #1 $aRuivo,$bPedro$4410$31153274
710 01 $aSetúbal.$bCâmara Municipal$316012
801 #0 $aPT$bBN$gRPC
966 ## $lBN$mICONOG$sCT. 20926 A.$x3
971 ## $cCaticonografia8$d20260213
972 ## $d20260601$e1$vtoliveira$z0
995 ## $aPRR2026 $d20260213$iCaticonografia8

OpendataBNP@bnportugal.pt | Mais informação sobre acesso aos dados BNP